000
00325nam a2200121Ia 4500
008
220204s9999 xx 000 0 und d
082
_a
026.272916
_b
NAU
100
_a
NAUTIYAL, J C
245
0
_a
Forest economics: Priniciples and applications
260
_a
Dehra Dun
_b
Natraj
_c
1988
650
_a
Forest economics
942
_c
BK
999
_c
40067
_d
40067